Presenze in Serie A - Morte improvvisa - Statistics

Statistiche generali
  • Questo quiz è stato fatto 1.230 volte
  • Il punteggio medio è 3 su 18
Answers on the Grid
Answers color-coded by a green-red scale on the quiz's grid according to % correct below.
Gianluigi Buffon
Paolo Maldini
Francesco Totti
Javier Zanetti
Gianluca Pagliuca
Dino Zoff
Samir Handanovič
Pietro Vierchowod
Fabio Quagliarella
Roberto Mancini
Silvio Piola
Enrico Albertosi
Gianni Rivera
Giuseppe Bergomi
Alberto Gilardino
Andrea Consigli
Antonio Candreva
Ciro Ferrara
Goran Pandev
Andrea Pirlo
Alessandro Del Piero
Franco Baresi
Daniele De Rossi
Sergio Pellissier
Roberto Baggio
Antonio Di Natale
Giorgio Chiellini
Paolo Cannavaro
Simone Perrotta
Francesco Acerbi
 
Statistiche sulle risposte
Risposta % Corretto
Gianluigi Buffon
37%
Francesco Totti
36%
Paolo Maldini
30%
Javier Zanetti
26%
Dino Zoff
18%
Samir Handanovič
18%
Giuseppe Bergomi
15%
Fabio Quagliarella
14%
Gianni Rivera
12%
Andrea Consigli
10%
Silvio Piola
9%
Antonio Candreva
8%
Gianluca Pagliuca
7%
Pietro Vierchowod
7%
Ciro Ferrara
6%
Roberto Mancini
6%
Alberto Gilardino
4%
Enrico Albertosi
2%
Nessun quiz corrispondente trovato
Distribuzione punteggi
Percentuale di utenti per punteggio
Percentile per numero di risposta
I tuoi punteggi nel tempo
Non hai fatto questo quiz